000 00729nam a2200193 a 4500
003 0
005 20250211085800.0
008 130128s19uu xx 00 eng d
050 _aPHS LB 1050.2
_b.L656 2012
100 _aLevanza, Hazel Anne P.
245 _aReading skills and English academic performance of the high school III students /
_cHazel Anne P. Levanza.
260 _aLas PiƱas City, Philippines :
_bSouthville International School and Colleges,
_c2012.
300 _a38 pages :
_billustrations ;
_c28 cm.
504 _aIncludes bibliographical references.
650 _aReading comprehension
_xInfluence
650 _aAcademic achievement
_xAnalysis
650 _aHigh school students
_xAnalysis
942 _2lcc
_cPASS
999 _c98862
_d98862